Psicologia comparada (Registo nº 29647)
[ vista simples ]
| 000 -Etiqueta do registo | |
|---|---|
| Valores | 00739cam a2200265 4500 |
| 090 ## - | |
| -- | 29647 |
| 095 ## - | |
| -- | PTBN00001108 |
| 100 ## - Dados gerais de processamento | |
| Dados gerais | 20090107d1976 m y0pory5003 ba |
| 101 1# - Língua de publicação | |
| -- | por |
| -- | fre |
| 102 ## - País de publicação | |
| -- | PT |
| 200 1# - Titulo e menção de responsabilidade | |
| Título próprio | Psicologia comparada |
| Informação de outro título | rapaz-rapariga |
| Primeira menção de responsabilidade | H. Guiochet |
| Outras menções de responsabilidade | trad. Belmiro Narciso Figueira |
| 205 ## - Menção da edição | |
| Edição | 3a ed |
| 210 ## - Publicação | |
| Local de publicação | [Apelação] |
| Nome do editor | Ed. Paulistas, |
| Data de publicação | imp. 1976 |
| 215 ## - Descrição física | |
| Paginação / Volumes | 173, [3] p. |
| Dimensões | 21 cm |
| 225 2# - Colecção | |
| Título próprio da colecção | Temas para a juventude |
| Indicação de volume | 1 |
| 304 ## - Nota relativa ao título | |
| Texto de nota | Tít. orig. : Psychologie Compareé |
| 675 ## - CDU | |
| Notação | 159.9 |
| Edição | med |
| Língua | por |
| 700 #1 - Autor principal (pessoa individual) | |
| Apelido | Guiochet, |
| Nome | H. |
| 702 #1 - Autor secundário (pessoa individual) | |
| Apelido | Figueira, |
| Nome | Belmiro Narciso |
| -- | 730 |
| 801 #0 - Fonte de origem | |
| País | PT |
| Agência | BN |
| Regras de catalogação | RPC |
| 930 ## - | |
| -- | BECRE |
| 998 ## - | |
| -- | FSE03 - 00016 |
| 990 ## - Elementos KOHA | |
| Tipo de documento | Livro |
| 995 ## - Localização e informação dos exemplares | |
| -- | 18 |
| 995 ## - Localização e informação dos exemplares | |
| -- | 18 |
| Situação do levantamento | Estado | Biblioteca de origem | Biblioteca de empréstimo | Código de barras | Cota | Permissão de empréstimo | Tipo de documento |
|---|---|---|---|---|---|---|---|
| Completo | Biblioteca da Escola Básica e Secundária Dr Isidoro de Sousa | Biblioteca da Escola Básica e Secundária Dr Isidoro de Sousa | 2312EV | 159.9 GUI | Disponível | Livro | |
| Completo | Biblioteca da Escola Básica e Secundária Dr Isidoro de Sousa | Biblioteca da Escola Básica e Secundária Dr Isidoro de Sousa | 2325EV | 159.9 GUI | Disponível | Livro |